000 00567nam a2200217Ia 4500
003 OSt
005 20230501114644.0
008 210423s2017 xx 000 0 und d
020 _a978-1-63242-506-5
040 _cAL
041 _aeng
082 _a611.081
_223
_bCOLE
100 _aCOLLINS (Jack)
_995569
245 _aEssentials of stem cell biology
260 _aNew York
_bFoster Academics
_c2017
300 _aviii,236
_bHB
365 _b11175
_cINR
650 _aHuman Anatomy
_995570
906 _abiology ; cell ; Essentials ; stem
942 _2ddc
_cBK
999 _c170531
_d170531